Welcome to the Holygrace Academy Library

Please use search bar below to get started

THE LITTLE PRINCE (Record no. 6602)

MARC details
000 -LEADER
fixed length control field 00576nam a22001337a 4500
082 ## - DEWEY DECIMAL CLASSIFICATION NUMBER
Classification number 823
Item number SAI/L
100 ## - MAIN ENTRY--AUTHOR NAME
Personal name SAINT, ANTONINE DE
245 ## - TITLE STATEMENT
Title THE LITTLE PRINCE
260 ## - PUBLICATION, DISTRIBUTION, ETC. (IMPRINT)
Place of publication LONDON
Name of publisher PAN BOOKS LTD
Year of publication 1979
300 ## - PHYSICAL DESCRIPTION
Number of Pages 90
520 ## - SUMMARY, ETC.
Summary, etc In the book, narrated by an unnamed pilot, the pilot's plane crashes in the desert. He meets a boy, whom he calls the little prince, from asteroid B-612. As the pilot repairs his plane, he learns of the little prince's travels. The little prince lives on a tiny planet and cares for a beautiful rose.
650 ## - SUBJECT ADDED ENTRY--TOPICAL TERM
Topical Term SHORT STORY
942 ## - ADDED ENTRY ELEMENTS (KOHA)
Koha item type Books
Holdings
Withdrawn status Lost status Collection code Home library Current library Shelving location Date acquired Source of acquisition Cost, normal purchase price Full call number Accession Number Koha item type
    Fiction Main Library Main Library SHELF 15-L-CHILDREN'S STORYBOOKS 10/12/2012 Purchase 509.00 823 SAI/L 04797 Books